| 000 | 01957nam0a2200349 4500 | ||
|---|---|---|---|
| 001 | RU\NLR\bibl\1456321 | ||
| 005 | 20260408194045.0 | ||
| 010 |
_a978-5-89070-682-9 _9500 |
||
| 021 |
_aRU _b2009-89877 _95665 |
||
| 035 | _a(NLR Aleph) 001448120 | ||
| 090 |
_a1505706 _c1505706 |
||
| 100 | _a20091222d2009 u y0rusy50 ca | ||
| 101 | 0 | _arus | |
| 102 | _aRU | ||
| 105 | _aa ||||||||| | ||
| 200 | 1 |
_aОценка риска пользования недрами _eучебное пособие _eдля студентов вузов по специальности "Маркшейдерское дело" [130402] направления подготовки "Горное дело" [130400] _fС.В. Шаклеин, Т.Б. Рогова _gФедер. агентство по образованию, Гос. образоват. учреждение высш. проф. образования "Кузбас. гос. техн. ун-т" |
|
| 210 |
_aКемерово _cКузбасский государственный технический университет _d2009 |
||
| 215 |
_a120 с. _cил. _d20 |
||
| 320 | _aБиблиогр.: с. 117-118 (18 назв.) | ||
| 606 | 1 |
_aЗемные недра _jУчебные издания для высших учебных заведений _xИспользование _xЭкономика _92090262 _3RU\NLR\auth\661265220 |
|
| 606 |
_aРиск (экон.) в горной промышленности _jУчебные издания для высших учебных заведений _92253157 _3RU\NLR\auth\661351368 |
||
| 686 | _aД450.8к94я73 | ||
| 686 | _aУ30(0)54-56я73 | ||
| 700 | 1 |
_aШаклеин _bС. В. _gСергей Васильевич _4070 |
|
| 701 | 1 |
_aРогова _bТ. Б. _gТамара Борисовна _4070 |
|
| 801 | 0 |
_aRU _bNLR _c20091222 _gRCR |
|
| 801 | 1 |
_aRU _bNLR _c20091222 |
|
| 830 | _aавт. по кн. | ||
| 942 | _cBOOK | ||
| 980 | _aNB | ||
| 980 | _aNBR | ||